[Event "DEM U10 2025"]
[Site "Willingen GER"]
[Date "2025.06.09"]
[Round "3"]
[White "Alloussi, Arian"]
[Black "von Flottwell, Lionel"]
[Result "1/2-1/2"]
[Termination "normal"]
[Board "5"]
[WhiteElo "1851"]
[BlackElo "1645"]
[WhiteClock "00:14:06"]
[BlackClock "00:08:29"]
[PlyCount "148"]
[WhiteFideId "34637788"]
[BlackFideId "34632727"]
[EventCountry "GER"]
[EventRounds "9"]
[EventType "swiss"]
[EventDate "2025.06.07"]

1. e4 {[%clk 01:30:59]} e5 {[%clk 01:30:52]} {[%emt 00:00:09]} 2. Nf3 {[%clk
01:31:21]} {[%emt 00:00:07]} Nc6 {[%clk 01:31:17]} {[%emt 00:00:06]} 3. Bc4
{[%clk 01:31:35]} {[%emt 00:00:15]} Nf6 {[%clk 01:31:37]} {[%emt 00:00:10]} 4.
d3 {[%clk 01:31:50]} {[%emt 00:00:15]} Bc5 {[%clk 01:32:02]} {[%emt 00:00:05]}
5. c3 {[%clk 01:32:10]} {[%emt 00:00:10]} d6 {[%clk 01:32:27]} {[%emt
00:00:05]} 6. Nbd2 {[%clk 01:32:25]} {[%emt 00:00:13]} a6 {[%clk 01:32:14]}
{[%emt 00:00:45]} 7. a4 {[%clk 01:32:40]} {[%emt 00:00:15]} O-O {[%clk
01:32:01]} {[%emt 00:00:42]} 8. h3 {[%clk 01:31:22]} {[%emt 00:01:48]} Be6
{[%clk 01:24:19]} {[%emt 00:08:12]} 9. b4 {[%clk 01:22:06]} {[%emt 00:09:46]}
Ba7 {[%clk 01:14:49]} {[%emt 00:10:00]} 10. O-O {[%clk 01:08:57]} {[%emt
00:13:38]} h6 {[%clk 00:53:39]} {[%emt 00:21:42]} 11. Re1 {[%clk 01:07:01]}
{[%emt 00:02:24]} Nh5 {[%clk 00:51:39]} {[%emt 00:02:31]} 12. Nb3 {[%clk
00:50:42]} {[%emt 00:16:49]} Qf6 {[%clk 00:36:19]} {[%emt 00:15:50]} 13. Ra2
{[%clk 00:36:29]} {[%emt 00:14:44]} Nf4 {[%clk 00:24:27]} {[%emt 00:12:22]} 14.
Bxf4 {[%clk 00:34:07]} {[%emt 00:02:53]} Qxf4 {[%clk 00:23:21]} {[%emt
00:01:36]} 15. Qe2 {[%clk 00:32:58]} {[%emt 00:01:39]} Kh8 {[%clk 00:14:05]}
{[%emt 00:09:46]} 16. b5 {[%clk 00:27:47]} {[%emt 00:05:40]} axb5 {[%clk
00:13:47]} {[%emt 00:00:48]} 17. axb5 {[%clk 00:25:58]} {[%emt 00:02:19]} Ne7
{[%clk 00:11:24]} {[%emt 00:02:53]} 18. d4 {[%clk 00:24:29]} {[%emt 00:01:59]}
g5 {[%clk 00:10:40]} {[%emt 00:01:14]} 19. Rea1 {[%clk 00:22:26]} {[%emt
00:02:34]} Nc8 {[%clk 00:10:14]} {[%emt 00:00:55]} 20. Bxe6 {[%clk 00:14:15]}
{[%emt 00:08:40]} fxe6 {[%clk 00:10:35]} {[%emt 00:00:10]} 21. dxe5 {[%clk
00:14:02]} {[%emt 00:00:43]} g4 {[%clk 00:09:46]} {[%emt 00:01:19]} 22. hxg4
{[%clk 00:11:15]} {[%emt 00:03:17]} Qxg4 {[%clk 00:10:06]} {[%emt 00:00:10]}
23. exd6 {[%clk 00:10:13]} {[%emt 00:01:32]} Rg8 {[%clk 00:10:12]} {[%emt
00:00:24]} 24. Ne1 {[%clk 00:10:26]} {[%emt 00:00:17]} Qxe2 {[%clk 00:09:19]}
{[%emt 00:01:23]} 25. Rxe2 {[%clk 00:10:23]} {[%emt 00:00:33]} Nxd6 {[%clk
00:09:16]} {[%emt 00:00:34]} 26. Rea2 {[%clk 00:09:21]} {[%emt 00:01:32]} Nc8
{[%clk 00:06:55]} {[%emt 00:02:51]} 27. c4 {[%clk 00:08:13]} {[%emt 00:01:38]}
Rg4 {[%clk 00:03:47]} {[%emt 00:03:37]} 28. Nc5 {[%clk 00:05:27]} {[%emt
00:03:16]} Rf4 {[%clk 00:04:05]} {[%emt 00:00:11]} 29. Ned3 {[%clk 00:05:04]}
{[%emt 00:00:54]} Rf6 {[%clk 00:03:16]} {[%emt 00:01:19]} 30. Nxb7 {[%clk
00:04:34]} {[%emt 00:01:00]} e5 {[%clk 00:01:58]} {[%emt 00:01:47]} 31. c5
{[%clk 00:03:08]} {[%emt 00:01:57]} Rb8 {[%clk 00:01:10]} {[%emt 00:01:18]} 32.
c6 {[%clk 00:03:15]} {[%emt 00:00:24]} Ra8 {[%clk 00:00:43]} {[%emt 00:00:56]}
33. Ra4 {[%clk 00:01:41]} {[%emt 00:02:03]} Rf7 {[%clk 00:00:33]} {[%emt
00:00:40]} 34. R1a2 {[%clk 00:01:31]} {[%emt 00:00:40]} Rf6 {[%clk 00:00:40]}
{[%emt 00:00:23]} 35. Ra6 {[%clk 00:01:21]} {[%emt 00:00:40]} Re6 {[%clk
00:00:51]} {[%emt 00:00:19]} 36. Ndc5 {[%clk 00:01:04]} {[%emt 00:00:48]} Re7
{[%clk 00:00:41]} {[%emt 00:00:39]} 37. Nd7 {[%clk 00:00:57]} {[%emt 00:00:38]}
Re6 {[%clk 00:00:43]} {[%emt 00:00:27]} 38. Nbc5 {[%clk 00:00:44]} {[%emt
00:00:42]} Rg6 {[%clk 00:00:46]} {[%emt 00:00:27]} 39. Nxe5 {[%clk 00:00:47]}
{[%emt 00:00:28]} Rf6 {[%clk 00:00:32]} {[%emt 00:00:45]} 40. Ned7 {[%clk
00:00:41]} {[%emt 00:00:36]} Rg6 {[%clk 00:00:37]} {[%emt 00:00:24]} 41. e5
{[%clk 00:00:50]} {[%emt 00:00:22]} Kg8 {[%clk 00:00:35]} {[%emt 00:00:31]} 42.
e6 {[%clk 00:01:06]} {[%emt 00:00:13]} h5 {[%clk 00:24:31]} {[%emt 00:06:34]}
43. e7 {[%clk 00:31:17]} {[%emt 00:00:19]} Nxe7 {[%clk 00:23:22]} {[%emt
00:01:39]} 44. Rxa7 {[%clk 00:31:34]} {[%emt 00:00:14]} Re8 {[%clk 00:22:31]}
{[%emt 00:01:21]} 45. Re2 {[%clk 00:31:34]} {[%emt 00:00:30]} h4 {[%clk
00:22:20]} {[%emt 00:00:42]} 46. Rxc7 {[%clk 00:31:01]} {[%emt 00:01:01]} h3
{[%clk 00:22:30]} {[%emt 00:00:21]} 47. g3 {[%clk 00:31:01]} {[%emt 00:00:30]}
Kh8 {[%clk 00:20:13]} {[%emt 00:02:47]} 48. Nf6 {[%clk 00:30:26]} {[%emt
00:01:05]} h2+ {[%clk 00:12:03]} {[%emt 00:08:39]} 49. Kxh2 {[%clk 00:30:35]}
{[%emt 00:00:21]} Rh6+ {[%clk 00:04:55]} {[%emt 00:07:39]} 50. Kg2 {[%clk
00:30:53]} {[%emt 00:00:12]} Ng8 {[%clk 00:04:29]} {[%emt 00:00:55]} 51. Rxe8
{[%clk 00:31:08]} {[%emt 00:00:15]} Rh2+ {[%clk 00:03:03]} {[%emt 00:01:57]}
52. Kf3 {[%clk 00:31:02]} {[%emt 00:00:37]} Rxf2+ {[%clk 00:03:25]} {[%emt
00:00:07]} 53. Ke4 {[%clk 00:30:51]} {[%emt 00:00:41]} Re2+ {[%clk 00:03:14]}
{[%emt 00:00:41]} 54. Kd5 {[%clk 00:31:02]} {[%emt 00:00:19]} Rd2+ {[%clk
00:03:24]} {[%emt 00:00:20]} 55. Ke6 {[%clk 00:27:54]} {[%emt 00:03:37]} Rd6+
{[%clk 00:03:13]} {[%emt 00:00:42]} 56. Ke5 {[%clk 00:27:13]} {[%emt 00:01:11]}
Rd5+ {[%clk 00:03:30]} {[%emt 00:00:13]} 57. Kf4 {[%clk 00:26:41]} {[%emt
00:01:02]} Rf5+ {[%clk 00:03:50]} {[%emt 00:00:10]} 58. Ke4 {[%clk 00:26:44]}
{[%emt 00:00:27]} Rf4+ {[%clk 00:04:04]} {[%emt 00:00:16]} 59. Kd5 {[%clk
00:26:26]} {[%emt 00:00:49]} Rd4+ {[%clk 00:04:23]} {[%emt 00:00:09]} 60. Ke6
{[%clk 00:26:32]} {[%emt 00:00:24]} Rd6+ {[%clk 00:04:35]} {[%emt 00:00:19]}
61. Kf5 {[%clk 00:26:36]} {[%emt 00:00:26]} Rxf6+ {[%clk 00:04:07]} {[%emt
00:00:59]} 62. Ke5 {[%clk 00:25:51]} {[%emt 00:01:14]} Rf5+ {[%clk 00:04:25]}
{[%emt 00:00:12]} 63. Kd4 {[%clk 00:19:18]} {[%emt 00:07:02]} Rd5+ {[%clk
00:04:49]} {[%emt 00:00:07]} 64. Ke4 {[%clk 00:18:52]} {[%emt 00:00:55]} Rd4+
{[%clk 00:05:09]} {[%emt 00:00:10]} 65. Kf5 {[%clk 00:18:43]} {[%emt 00:00:39]}
Rf4+ {[%clk 00:05:33]} {[%emt 00:00:08]} 66. Kg6 {[%clk 00:14:45]} {[%emt
00:04:27]} Rg4+ {[%clk 00:05:44]} {[%emt 00:00:18]} 67. Kf5 {[%clk 00:14:21]}
{[%emt 00:00:52]} Rf4+ {[%clk 00:06:05]} {[%emt 00:00:11]} 68. Ke6 {[%clk
00:14:14]} {[%emt 00:00:38]} Re4+ {[%clk 00:06:23]} {[%emt 00:00:12]} 69. Kd5
{[%clk 00:14:29]} {[%emt 00:00:14]} Rd4+ {[%clk 00:06:44]} {[%emt 00:00:10]}
70. Ke6 {[%clk 00:14:23]} {[%emt 00:00:35]} Re4+ {[%clk 00:07:06]} {[%emt
00:00:08]} 71. Kd7 {[%clk 00:14:22]} {[%emt 00:00:31]} Rd4+ {[%clk 00:07:29]}
{[%emt 00:00:07]} 72. Kc8 {[%clk 00:13:41]} {[%emt 00:01:11]} Rd8+ {[%clk
00:07:52]} {[%emt 00:00:07]} 73. Kb7 {[%clk 00:13:59]} {[%emt 00:00:11]} Rb8+
{[%clk 00:08:14]} {[%emt 00:00:10]} 74. Ka7 {[%clk 00:14:06]} {[%emt 00:00:22]}
Rb7+ {[%clk 00:08:29]} {[%emt 00:00:14]} 1/2-1/2

[Event "DEM U10 2025"]
[Site "Willingen GER"]
[Date "2025.06.09"]
[Round "3"]
[White "Mudriievskyi, Jan"]
[Black "Lüttgen, Jona"]
[Result "0-1"]
[Termination "normal"]
[Board "6"]
[WhiteElo "1670"]
[BlackElo "1621"]
[WhiteClock "00:05:53"]
[BlackClock "00:08:12"]
[PlyCount "60"]
[WhiteFideId "34676473"]
[BlackFideId "533014124"]
[EventCountry "GER"]
[EventRounds "9"]
[EventType "swiss"]
[EventDate "2025.06.07"]

1. e4 {[%clk 01:30:49]} {[%emt 00:00:10]} c6 {[%clk 01:30:55]} {[%emt
00:00:07]} 2. d4 {[%clk 01:30:28]} {[%emt 00:00:50]} d5 {[%clk 01:31:18]}
{[%emt 00:00:08]} 3. exd5 {[%clk 01:30:50]} {[%emt 00:00:08]} cxd5 {[%clk
01:31:40]} {[%emt 00:00:08]} 4. Nf3 {[%clk 01:30:29]} {[%emt 00:00:50]} Nf6
{[%clk 01:31:31]} {[%emt 00:00:40]} 5. c4 {[%clk 01:30:01]} {[%emt 00:00:59]}
Nc6 {[%clk 01:31:15]} {[%emt 00:00:45]} 6. Nc3 {[%clk 01:29:14]} {[%emt
00:01:16]} Bg4 {[%clk 01:30:10]} {[%emt 00:01:36]} 7. Be2 {[%clk 01:24:13]}
{[%emt 00:05:30]} e6 {[%clk 01:25:59]} {[%emt 00:04:43]} 8. O-O {[%clk
01:20:43]} {[%emt 00:03:59]} dxc4 {[%clk 01:20:27]} {[%emt 00:06:02]} 9. Bxc4
{[%clk 01:19:35]} {[%emt 00:01:38]} Bd6 {[%clk 01:08:21]} {[%emt 00:12:37]} 10.
Be3 {[%clk 01:15:12]} {[%emt 00:04:52]} O-O {[%clk 01:07:07]} {[%emt 00:01:45]}
11. Qe2 {[%clk 01:10:01]} {[%emt 00:05:42]} Qc7 {[%clk 01:05:56]} {[%emt
00:01:41]} 12. Nb5 {[%clk 01:04:20]} {[%emt 00:06:10]} Qb8 {[%clk 00:53:13]}
{[%emt 00:13:13]} 13. Nxd6 {[%clk 00:48:01]} {[%emt 00:16:49]} Qxd6 {[%clk
00:53:35]} {[%emt 00:00:07]} 14. Rfd1 {[%clk 00:48:13]} {[%emt 00:00:19]} Rac8
{[%clk 00:48:49]} {[%emt 00:05:16]} 15. a3 {[%clk 00:42:11]} {[%emt 00:06:32]}
Rfd8 {[%clk 00:42:57]} {[%emt 00:06:22]} 16. Ba2 {[%clk 00:38:15]} {[%emt
00:03:17]} Nd5 {[%clk 00:38:27]} {[%emt 00:06:08]} 17. Rac1 {[%clk 00:28:01]}
{[%emt 00:10:45]} Nf4 {[%clk 00:33:44]} {[%emt 00:05:12]} 18. Qd2 {[%clk
00:20:48]} {[%emt 00:07:43]} Nh3+ {[%clk 00:33:50]} {[%emt 00:00:24]} 19. Kh1
{[%clk 00:14:22]} {[%emt 00:06:57]} Bxf3 {[%clk 00:33:18]} {[%emt 00:01:01]}
20. gxf3 {[%clk 00:14:51]} {[%emt 00:00:02]} Qe7 {[%clk 00:28:06]} {[%emt
00:05:40]} 21. Kg2 {[%clk 00:11:24]} {[%emt 00:03:59]} Qh4 {[%clk 00:26:28]}
{[%emt 00:02:07]} 22. Bb1 {[%clk 00:10:32]} {[%emt 00:01:22]} f5 {[%clk
00:23:12]} {[%emt 00:03:46]} 23. Ba2 {[%clk 00:09:35]} {[%emt 00:01:28]} Rd6
{[%clk 00:19:29]} {[%emt 00:04:12]} 24. f4 {[%emt 00:01:44]} Qg4+ {[%clk
00:18:31]} {[%emt 00:01:25]} 25. Kf1 {[%clk 00:08:32]} {[%emt 00:00:23]} Qg1+
{[%clk 00:18:20]} {[%emt 00:00:40]} 26. Ke2 {[%clk 00:08:55]} {[%emt 00:00:06]}
Qxh2 {[%clk 00:12:30]} {[%emt 00:06:20]} 27. d5 {[%clk 00:07:32]} {[%emt
00:01:54]} Re8 {[%clk 00:10:16]} {[%emt 00:02:44]} 28. Qc2 {[%clk 00:06:08]}
{[%emt 00:01:54]} exd5 {[%clk 00:08:14]} {[%emt 00:02:33]} 29. Qxf5 {[%clk
00:05:39]} {[%emt 00:00:59]} Qxf2+ {[%clk 00:08:12]} {[%emt 00:00:31]} 30. Kd3
{[%clk 00:05:53]} {[%emt 00:00:16]} Rxe3# {[%emt 00:00:41]} 0-1

[Event "DEM U10 2025"]
[Site "Willingen GER"]
[Date "2025.06.09"]
[Round "3"]
[White "Reese, Oscar"]
[Black "Schmidt, Jan"]
[Result "1-0"]
[Termination "normal"]
[Board "7"]
[WhiteElo "1666"]
[BlackElo "1732"]
[WhiteClock "00:46:56"]
[BlackClock "00:35:29"]
[PlyCount "127"]
[WhiteFideId "34644474"]
[BlackFideId "34625682"]
[EventCountry "GER"]
[EventRounds "9"]
[EventType "swiss"]
[EventDate "2025.06.07"]

1. e4 {[%clk 01:30:56]} {[%emt 00:00:03]} c6 {[%clk 01:30:52]} {[%emt
00:00:08]} 2. d4 {[%clk 01:31:21]} {[%emt 00:00:04]} d5 {[%clk 01:31:15]}
{[%emt 00:00:08]} 3. e5 {[%clk 01:31:46]} {[%emt 00:00:05]} Bf5 {[%clk
01:31:37]} {[%emt 00:00:09]} 4. h4 {[%clk 01:32:06]} {[%emt 00:00:09]} h5
{[%clk 01:31:54]} {[%emt 00:00:13]} 5. Bd3 {[%clk 01:32:27]} {[%emt 00:00:09]}
Bxd3 {[%clk 01:32:09]} {[%emt 00:00:15]} 6. Qxd3 {[%clk 01:32:51]} {[%emt
00:00:05]} e6 {[%clk 01:32:25]} {[%emt 00:00:15]} 7. Bg5 {[%clk 01:32:41]}
{[%emt 00:00:40]} Qb6 {[%clk 01:31:36]} {[%emt 00:01:19]} 8. Nd2 {[%clk
01:33:00]} {[%emt 00:00:10]} c5 {[%clk 01:30:49]} {[%emt 00:01:18]} 9. c4
{[%clk 01:33:09]} {[%emt 00:00:21]} Nc6 {[%clk 01:29:31]} {[%emt 00:01:48]} 10.
Ngf3 {[%clk 01:33:24]} {[%emt 00:00:15]} Be7 {[%clk 01:27:51]} {[%emt
00:02:09]} 11. Be3 {[%clk 01:28:25]} {[%emt 00:05:29]} cxd4 {[%clk 01:22:27]}
{[%emt 00:05:55]} 12. Bxd4 {[%clk 01:27:31]} {[%emt 00:01:24]} Nxd4 {[%clk
01:20:55]} {[%emt 00:02:03]} 13. Nxd4 {[%clk 01:24:26]} {[%emt 00:03:34]} Bc5
{[%clk 01:19:53]} {[%emt 00:01:32]} 14. N2b3 {[%clk 01:23:39]} {[%emt
00:01:17]} Bb4+ {[%clk 01:18:13]} {[%emt 00:02:10]} 15. Kf1 {[%clk 01:21:32]}
{[%emt 00:02:36]} Rd8 {[%clk 01:05:53]} {[%emt 00:12:51]} 16. Rc1 {[%clk
01:10:34]} {[%emt 00:11:29]} Ne7 {[%clk 01:03:36]} {[%emt 00:02:46]} 17. c5
{[%clk 01:07:52]} {[%emt 00:03:12]} Qc7 {[%clk 00:54:43]} {[%emt 00:09:24]} 18.
Qb5+ {[%clk 01:07:33]} {[%emt 00:00:49]} Nc6 {[%clk 00:54:44]} {[%emt
00:00:29]} 19. Nxc6 {[%clk 01:07:37]} {[%emt 00:00:25]} bxc6 {[%clk 00:55:06]}
{[%emt 00:00:08]} 20. Qxb4 {[%clk 01:07:57]} {[%emt 00:00:11]} Qxe5 {[%clk
00:55:11]} {[%emt 00:00:24]} 21. Qd4 {[%clk 01:07:07]} {[%emt 00:01:21]} Qxd4
{[%clk 00:54:52]} {[%emt 00:00:48]} 22. Nxd4 {[%clk 01:07:28]} {[%emt
00:00:08]} Kd7 {[%clk 00:54:51]} {[%emt 00:00:32]} 23. f4 {[%clk 01:06:13]}
{[%emt 00:01:45]} f6 {[%clk 00:54:34]} {[%emt 00:00:47]} 24. Re1 {[%clk
01:06:10]} {[%emt 00:00:33]} Rhe8 {[%clk 00:54:53]} {[%emt 00:00:11]} 25. g3
{[%clk 01:03:40]} {[%emt 00:03:00]} g6 {[%clk 00:54:11]} {[%emt 00:01:12]} 26.
Rh2 {[%clk 01:02:18]} {[%emt 00:01:53]} e5 {[%clk 00:53:32]} {[%emt 00:01:08]}
27. Nc2 {[%clk 01:02:06]} {[%emt 00:00:42]} Rb8 {[%clk 00:52:11]} {[%emt
00:01:51]} 28. b4 {[%clk 00:53:40]} {[%emt 00:08:56]} e4 {[%clk 00:49:24]}
{[%emt 00:03:17]} 29. a4 {[%clk 00:50:12]} {[%emt 00:03:58]} a6 {[%clk
00:48:50]} {[%emt 00:01:04]} 30. Rb1 {[%clk 00:49:33]} {[%emt 00:01:09]} Rb7
{[%clk 00:49:05]} {[%emt 00:00:15]} 31. Nd4 {[%clk 00:49:51]} {[%emt 00:00:11]}
Kc7 {[%clk 00:46:30]} {[%emt 00:03:06]} 32. Rhb2 {[%clk 00:49:10]} {[%emt
00:01:10]} Reb8 {[%clk 00:46:16]} {[%emt 00:00:45]} 33. b5 {[%clk 00:47:18]}
{[%emt 00:02:22]} axb5 {[%clk 00:43:25]} {[%emt 00:03:21]} 34. axb5 {[%clk
00:47:31]} {[%emt 00:00:17]} cxb5 {[%clk 00:42:58]} {[%emt 00:00:57]} 35. c6
{[%clk 00:46:41]} {[%emt 00:01:19]} Rb6 {[%clk 00:40:31]} {[%emt 00:02:58]} 36.
Nxb5+ {[%clk 00:46:25]} {[%emt 00:00:44]} Kxc6 {[%clk 00:38:26]} {[%emt
00:02:36]} 37. Nd4+ {[%clk 00:46:46]} {[%emt 00:00:09]} Kc7 {[%clk 00:38:36]}
{[%emt 00:00:20]} 38. Ne6+ {[%clk 00:45:47]} {[%emt 00:01:23]} Kc6 {[%clk
00:38:56]} {[%emt 00:00:16]} 39. Rxb6+ {[%clk 00:44:14]} {[%emt 00:02:03]} Rxb6
{[%clk 00:39:19]} {[%emt 00:00:07]} 40. Rxb6+ {[%clk 00:44:33]} {[%emt
00:00:11]} Kxb6 {[%clk 00:39:43]} {[%emt 00:00:05]} 41. Ke2 {[%clk 00:44:51]}
{[%emt 00:00:11]} Kc6 {[%clk 00:38:27]} {[%emt 00:01:47]} 42. Ke3 {[%clk
00:45:11]} {[%emt 00:00:10]} Kd6 {[%clk 00:37:52]} {[%emt 00:01:06]} 43. Nd4
{[%clk 00:44:54]} {[%emt 00:00:47]} f5 {[%clk 00:37:29]} {[%emt 00:00:53]} 44.
Nb3 {[%clk 00:45:01]} {[%emt 00:00:22]} Kc6 {[%clk 00:36:49]} {[%emt 00:01:11]}
45. Kd4 {[%clk 00:44:52]} {[%emt 00:00:38]} Kd6 {[%clk 00:37:07]} {[%emt
00:00:13]} 46. Nd2 {[%clk 00:44:58]} {[%emt 00:00:24]} Kc6 {[%clk 00:36:58]}
{[%emt 00:00:40]} 47. Nf1 {[%clk 00:45:19]} {[%emt 00:00:08]} Kd6 {[%clk
00:36:30]} {[%emt 00:00:58]} 48. Ne3 {[%clk 00:45:42]} {[%emt 00:00:07]} Kc6
{[%clk 00:36:50]} {[%emt 00:00:11]} 49. Nxd5 {[%clk 00:46:03]} {[%emt
00:00:09]} Kd6 {[%clk 00:37:15]} {[%emt 00:00:05]} 50. Ne3 {[%clk 00:46:23]}
{[%emt 00:00:10]} Kc6 {[%clk 00:37:19]} {[%emt 00:00:27]} 51. Nd1 {[%clk
00:45:58]} {[%emt 00:00:55]} Kd6 {[%clk 00:37:10]} {[%emt 00:00:39]} 52. Nc3
{[%clk 00:46:15]} {[%emt 00:00:12]} Ke6 {[%clk 00:37:28]} {[%emt 00:00:13]} 53.
Nxe4 {[%clk 00:44:46]} {[%emt 00:01:58]} fxe4 {[%clk 00:37:47]} {[%emt
00:00:12]} 54. Kxe4 {[%clk 00:45:08]} {[%emt 00:00:07]} Kf6 {[%clk 00:38:13]}
{[%emt 00:00:05]} 55. f5 {[%clk 00:45:21]} {[%emt 00:00:17]} g5 {[%clk
00:33:22]} {[%emt 00:05:21]} 56. hxg5+ {[%clk 00:44:44]} {[%emt 00:01:07]} Kxg5
{[%clk 00:33:41]} {[%emt 00:00:11]} 57. Ke5 {[%clk 00:45:03]} {[%emt 00:00:11]}
Kg4 {[%clk 00:34:03]} {[%emt 00:00:07]} 58. f6 {[%clk 00:45:21]} {[%emt
00:00:12]} Kxg3 {[%clk 00:34:26]} {[%emt 00:00:07]} 59. f7 {[%clk 00:45:46]}
{[%emt 00:00:06]} h4 {[%clk 00:34:44]} {[%emt 00:00:13]} 60. f8=Q {[%clk
00:46:04]} {[%emt 00:00:11]} Kg2 {[%clk 00:34:41]} {[%emt 00:00:33]} 61. Qg7+
{[%clk 00:46:22]} {[%emt 00:01:16]} Kh2 {[%clk 00:34:50]} {[%emt 00:00:21]} 62.
Kf4 {[%clk 00:46:42]} {[%emt 00:00:09]} h3 {[%clk 00:35:05]} {[%emt 00:00:16]}
63. Kf3 {[%clk 00:46:47]} {[%emt 00:00:24]} Kh1 {[%clk 00:35:29]} {[%emt
00:00:07]} 64. Kf2 {[%clk 00:46:56]} 1-0

[Event "DEM U10 2025"]
[Site "Willingen GER"]
[Date "2025.06.09"]
[Round "3"]
[White "Mettenbrink, Tammo"]
[Black "Sander, Tino"]
[Result "0-1"]
[Termination "normal"]
[Board "8"]
[WhiteElo "1275"]
[BlackElo "1800"]
[WhiteClock "01:19:47"]
[BlackClock "00:41:34"]
[PlyCount "54"]
[WhiteFideId "533043043"]
[BlackFideId "34636110"]
[EventCountry "GER"]
[EventRounds "9"]
[EventType "swiss"]
[EventDate "2025.06.07"]

1. e4 {[%clk 01:30:59]} e5 {[%clk 01:30:53]} {[%emt 00:00:07]} 2. Nf3 {[%clk
01:31:26]} {[%emt 00:00:04]} Nc6 {[%clk 01:31:15]} {[%emt 00:00:07]} 3. Bc4
{[%clk 01:31:50]} {[%emt 00:00:06]} Bc5 {[%clk 01:31:26]} {[%emt 00:00:18]} 4.
c3 {[%clk 01:32:05]} {[%emt 00:00:16]} Nf6 {[%clk 01:31:47]} {[%emt 00:00:08]}
5. d4 {[%clk 01:32:25]} {[%emt 00:00:11]} exd4 {[%clk 01:32:00]} {[%emt
00:00:18]} 6. O-O {[%clk 01:32:47]} {[%emt 00:00:08]} Nxe4 {[%clk 01:32:14]}
{[%emt 00:00:15]} 7. cxd4 {[%clk 01:32:37]} {[%emt 00:00:41]} d5 {[%clk
01:32:37]} {[%emt 00:00:07]} 8. dxc5 {[%clk 01:33:01]} {[%emt 00:00:06]} dxc4
{[%clk 01:33:00]} {[%emt 00:00:08]} 9. Qe2 {[%clk 01:33:22]} {[%emt 00:00:09]}
Qd3 {[%clk 01:33:23]} {[%emt 00:00:07]} 10. Re1 {[%clk 01:33:44]} {[%emt
00:00:07]} f5 {[%clk 01:33:44]} {[%emt 00:00:08]} 11. Nc3 {[%clk 01:34:02]}
{[%emt 00:00:12]} O-O {[%clk 01:34:08]} {[%emt 00:00:06]} 12. Nxe4 {[%clk
01:34:27]} {[%emt 00:00:06]} fxe4 {[%clk 01:34:22]} {[%emt 00:00:15]} 13. Qxe4
{[%clk 01:34:45]} {[%emt 00:00:12]} Bf5 {[%clk 01:34:44]} {[%emt 00:00:08]} 14.
Qh4 {[%clk 01:35:07]} {[%emt 00:00:08]} Rae8 {[%clk 01:07:09]} {[%emt
00:28:06]} 15. Be3 {[%clk 01:34:37]} {[%emt 00:00:59]} Qd5 {[%clk 00:52:44]}
{[%emt 00:14:53]} 16. Red1 {[%clk 01:27:57]} {[%emt 00:07:11]} Bd3 {[%clk
00:49:49]} {[%emt 00:03:54]} 17. Ne1 {[%clk 01:26:00]} {[%emt 00:03:00]} Rxe3
{[%clk 00:47:55]} {[%emt 00:02:24]} 18. Nxd3 {[%clk 01:23:53]} {[%emt
00:02:37]} Rxd3 {[%clk 00:48:09]} {[%emt 00:00:16]} 19. Re1 {[%clk 01:22:26]}
{[%emt 00:01:57]} Qd4 {[%clk 00:47:08]} {[%emt 00:01:28]} 20. Qxd4 {[%clk
01:21:05]} {[%emt 00:01:55]} Rxd4 {[%clk 00:47:25]} {[%emt 00:00:13]} 21. Rec1
{[%clk 01:20:47]} {[%emt 00:00:47]} Rd2 {[%clk 00:46:17]} {[%emt 00:01:37]} 22.
Rab1 {[%clk 01:20:01]} {[%emt 00:01:16]} Rfxf2 {[%clk 00:43:39]} {[%emt
00:03:09]} 23. Re1 {[%clk 01:19:06]} {[%emt 00:01:25]} Rxg2+ {[%clk 00:42:23]}
{[%emt 00:01:47]} 24. Kh1 {[%clk 01:19:30]} {[%emt 00:00:06]} Rxh2+ {[%clk
00:42:25]} {[%emt 00:00:27]} 25. Kg1 {[%clk 01:19:54]} {[%emt 00:00:06]} Rdg2+
{[%clk 00:41:13]} {[%emt 00:01:42]} 26. Kf1 {[%clk 01:19:24]} {[%emt 00:01:01]}
Rf2+ {[%clk 00:41:16]} {[%emt 00:00:26]} 27. Kg1 {[%clk 01:19:47]} {[%emt
00:00:06]} Nd4 {[%clk 00:41:34]} {[%emt 00:00:11]} 0-1